000 00534nam a2200181Ia 4500
001 4565
005 20260306145805.0
008 260306t2014||||xx |||||||||||||| ||spa||
041 _aESP
082 _a324.985
_bJ92
100 _aPerú. Jurado Nacional de Elecciones. Escuela Electoral y de Gobernabilidad
_eAUT
245 0 _aManual para la escuela de expertos juridiccionales:
_bprograma de especialización en temas electorales
260 _c2014
300 _a
_c
650 _aGEN
654 _aCDE
942 _cLIB
_dJUS
_fJUS
_2ddc
_n
999 _c4565
_d4565